[Event "OLBA 2122 SF Bad Mergentheim - SGR Kupp"]
[Site "?"]
[Date "2022.06.18"]
[Round "6.6"]
[White "Gasthofer, Viktor"]
[Black "Klumpp, Jochen"]
[Result "1-0"]
[WhiteElo "2298"]
[BlackElo "2060"]
[PlyCount "87"]
[EventDate "2022.??.??"]

1. c4 Nf6 2. Nc3 e5 3. Nf3 Nc6 4. e3 Be7 5. Be2 d5 6. cxd5 Nxd5 7. Qc2 Be6 8.
a3 O-O 9. O-O Nb6 10. b4 a6 11. d3 f5 12. Bb2 Bf6 13. Nd2 Ne7 14. Nb3 Rb8 15.
Nc5 Bf7 16. Rfe1 Nbc8 17. Rad1 Nd6 18. d4 exd4 19. exd4 c6 20. Bf3 Qc8 21. d5
Nxd5 22. Bxd5 Bxd5 23. Nxd5 cxd5 24. Rxd5 Re8 25. Red1 Ne4 26. Qb3 Nxc5 27.
Rxc5+ Qe6 28. Qxe6+ Rxe6 29. Bxf6 Rxf6 30. Rd7 Re8 31. h4 Rf7 32. Rxf7 Kxf7 33.
Rxf5+ Ke6 34. g4 Rd8 35. Kg2 g6 36. Rf3 Rd4 37. Kg3 Rc4 38. Re3+ Kd7 39. f4 Rc1
40. f5 gxf5 41. gxf5 Rc6 42. Kf4 h6 43. Re4 Rc3 44. f6 1-0

[Event "OLBA 2122 SF Bad Mergentheim - SGR Kupp"]
[Site "?"]
[Date "2022.06.18"]
[Round "6.7"]
[White "Merklinger, Markus"]
[Black "Reinhardt, Bernd"]
[Result "1/2-1/2"]
[WhiteElo "2079"]
[BlackElo "2124"]
[PlyCount "65"]
[EventDate "2022.??.??"]

1. d4 g6 2. Nf3 Bg7 3. Nbd2 d6 4. e4 Nd7 5. Bd3 e5 6. c3 Ngf6 7. O-O O-O 8. Re1
Re8 9. dxe5 Nxe5 10. Nxe5 dxe5 11. Qc2 Bd7 12. a4 a5 13. b3 Nh5 14. Nc4 b6 15.
Bf1 Bc6 16. g3 Nf6 17. Bg2 Qc8 18. h3 Qb7 19. g4 h6 20. Na3 Rad8 21. f3 Bf8 22.
Bf1 Nd7 23. Bc4 Nc5 24. Be3 Rd7 25. Nb5 Red8 26. Rad1 Qc8 27. Rxd7 Bxd7 28. Qc1
Bxb5 29. axb5 Nd3 30. Bxd3 Rxd3 31. Kf2 Qd8 32. Ke2 Qd7 33. Qc2 1/2-1/2

[Event "OLBA 2122 SF Bad Mergentheim - SGR Kupp"]
[Site "?"]
[Date "2022.06.18"]
[Round "6.8"]
[White "Raps, Johannes"]
[Black "Kick, Joachim"]
[Result "1/2-1/2"]
[WhiteElo "2109"]
[BlackElo "2119"]
[PlyCount "39"]
[EventDate "2022.??.??"]

1. d4 d5 2. Nf3 Nf6 3. e3 c5 4. Be2 Bf5 5. O-O Nc6 6. b3 cxd4 7. Nxd4 Nxd4 8.
Qxd4 g6 9. Bb2 Bg7 10. Qa4+ Bd7 11. Qh4 O-O 12. Rd1 Qc7 13. Na3 b5 14. Bxb5
Bxb5 15. Nxb5 Qxc2 16. Bd4 a5 17. Nc3 Rfc8 18. Rac1 Qf5 19. Na4 Rxc1 20. Rxc1
1/2-1/2

[Event "OLBA 2122 SC Untergrombach - SK Ettling"]
[Site "?"]
[Date "2022.06.18"]
[Round "6.1"]
[White "Rosner, Jonas"]
[Black "Solodovnichenko, Yuri"]
[Result "1/2-1/2"]
[WhiteElo "2478"]
[BlackElo "2492"]
[PlyCount "42"]
[EventDate "2022.??.??"]

1. d4 d5 2. c4 e6 3. Nf3 c6 4. e3 Nf6 5. b3 Ne4 6. Bd3 f5 7. O-O Nd7 8. Qc2 Bd6
9. Ba3 Bxa3 10. Nxa3 Qe7 11. Nb1 O-O 12. Nc3 Nd6 13. Ne2 dxc4 14. Bxc4 b5 15.
Bd3 Bb7 16. b4 a5 17. a3 axb4 18. axb4 Nf7 19. Qb3 g5 20. Nd2 Nb6 21. Nc3 Kg7
1/2-1/2

[Event "OLBA 2122 SC Untergrombach - SK Ettling"]
[Site "?"]
[Date "2022.06.18"]
[Round "6.2"]
[White "Ider, Borya"]
[Black "Arnold, Max"]
[Result "1/2-1/2"]
[WhiteElo "2489"]
[BlackElo "2345"]
[PlyCount "131"]
[EventDate "2022.??.??"]

1. d4 d5 2. Nf3 c5 3. g3 cxd4 4. Bg2 Qa5+ 5. c3 dxc3 6. Nxc3 e6 7. Bd2 Nf6 8.
Ne4 Bb4 9. Nxf6+ gxf6 10. O-O Bxd2 11. Nxd2 Nc6 12. e4 d4 13. e5 Qxe5 14. Re1
Qc7 15. Ne4 Qe7 16. Qg4 Kf8 17. Qh4 h5 18. Qxf6 Qxf6 19. Nxf6 Ke7 20. Ne4 h4
21. Nc5 hxg3 22. hxg3 Rb8 23. Rad1 Rd8 24. Nb3 Kf6 25. f4 Bd7 26. Rd2 Be8 27.
Red1 Rd6 28. Nc5 Ke7 29. Rc1 d3 30. Rc3 b6 31. Ne4 Rd4 32. Nf2 Rd6 33. Rdxd3
Rbd8 34. Rxd6 Rxd6 35. Kf1 Nb4 36. Ke1 Bb5 37. a3 Nd5 38. Bxd5 Rxd5 39. Ng4 Rd3
40. Rc7+ Rd7 41. Rc3 Rd3 42. Rc7+ Kd6 43. Rxf7 Rxg3 44. Ne5 Kd5 45. Rxa7 Ke4
46. a4 Kxf4 47. axb5 Re3+ 48. Kd2 Rxe5 49. Ra4+ Kf3 50. Rb4 Rd5+ 51. Kc3 e5 52.
Rc4 Rxb5 53. b4 e4 54. Rc6 e3 55. Rf6+ Ke4 56. Rh6 Kf4 57. Kd3 Rd5+ 58. Ke2
Rd2+ 59. Ke1 b5 60. Rh5 Kf3 61. Rf5+ Ke4 62. Rxb5 Kd3 63. Rd5+ Kc3 64. Rxd2
exd2+ 65. Kd1 Kxb4 66. Kxd2 1/2-1/2

[Event "OLBA 2122 SC Untergrombach - SK Ettling"]
[Site "?"]
[Date "2022.06.18"]
[Round "6.3"]
[White "Nippgen, Georg"]
[Black "Rogic, Davor"]
[Result "0-1"]
[WhiteElo "2225"]
[BlackElo "2470"]
[PlyCount "94"]
[EventDate "2022.??.??"]

1. c4 e5 2. e3 Nf6 3. Nf3 Nc6 4. Nc3 Bb4 5. Nd5 e4 6. Nxb4 Nxb4 7. Nd4 c5 8.
Nb3 b6 9. d4 exd3 10. Bxd3 Bb7 11. O-O d5 12. cxd5 Qxd5 13. Bb5+ Ke7 14. Qxd5
Bxd5 15. Bd2 a5 16. Nc1 Ne4 17. Rd1 Rhd8 18. Bxb4 axb4 19. f3 Nd6 20. Be2 Be6
21. Kf2 Rd7 22. b3 Rda7 23. Rb1 Rxa2 24. Nxa2 Rxa2 25. Ke1 Ra3 26. Rd3 Nb5 27.
Rb2 Nc3 28. Bd1 Ra1 29. g4 g5 30. e4 Kf6 31. Rdd2 Ke5 32. Rd3 Kf4 33. Rd8 b5
34. Rd6 Nxd1 35. Rxd1 Rxd1+ 36. Kxd1 Kxf3 37. Kd2 Kxe4 38. h3 Kf3 39. Rb1 Kg2
40. Re1 Kxh3 41. Re5 Kxg4 42. Rxc5 h5 43. Rxb5 h4 44. Ke3 Kg3 45. Rxg5+ Bg4 46.
Rg7 f5 47. Rb7 h3 0-1

[Event "OLBA 2122 SC Untergrombach - SK Ettling"]
[Site "?"]
[Date "2022.06.18"]
[Round "6.4"]
[White "Boric, Muhamed"]
[Black "Wehner, Roland"]
[Result "1-0"]
[WhiteElo "2354"]
[BlackElo "2283"]
[PlyCount "79"]
[EventDate "2022.??.??"]

1. d4 d6 2. Nf3 f5 3. Nc3 Nf6 4. Bg5 Nbd7 5. e3 e5 6. Bc4 e4 7. Nd2 Nb6 8. Bb3
c6 9. Qe2 d5 10. O-O-O Be6 11. f3 h6 12. Bh4 g5 13. Bg3 Qe7 14. h4 Bg7 15. hxg5
hxg5 16. Rxh8+ Bxh8 17. Bh2 Nc8 18. Rh1 Bg7 19. g4 exf3 20. Nxf3 Nxg4 21. Bg3
Bf6 22. Nh2 Nxe3 23. Qxe3 f4 24. Qd3 fxg3 25. Nf3 Nd6 26. Re1 O-O-O 27. Ne5 g4
28. Nxg4 g2 29. Ne3 Rg8 30. Rg1 Bh3 31. Nexd5 Bg5+ 32. Kb1 Qd7 33. Nb6+ axb6
34. Bxg8 Qg4 35. d5 cxd5 36. Bxd5 Bf4 37. Bf3 Qg3 38. Bxg2 Qxg2 39. Rxg2 Bxg2
40. Qd4 1-0

[Event "OLBA 2122 SC Untergrombach - SK Ettling"]
[Site "?"]
[Date "2022.06.18"]
[Round "6.5"]
[White "Friedel, Marcus"]
[Black "Podat, Vladimir"]
[Result "1-0"]
[WhiteElo "2135"]
[BlackElo "2282"]
[PlyCount "85"]
[EventDate "2022.??.??"]

1. c4 e5 2. g3 Nf6 3. Bg2 d5 4. cxd5 Nxd5 5. Nc3 Ne7 6. Nf3 Nbc6 7. O-O g6 8.
b4 a6 9. Bb2 Bg7 10. a3 O-O 11. d3 h6 12. Rc1 Rb8 13. Nd2 b6 14. b5 axb5 15.
Nxb5 Bb7 16. a4 Qd7 17. Ba3 Rfc8 18. Nc4 Nd4 19. Bxb7 Rxb7 20. Bxe7 Nxb5 21.
axb5 Qxe7 22. Ne3 Qd7 23. Rc6 Ra7 24. Qb3 Kh7 25. Rfc1 Rca8 26. Qc4 Kg8 27.
Rxg6 Ra4 28. Qc6 Qc8 29. Qd5 Qd8 30. Rgc6 Rb4 31. Rxc7 Qxd5 32. Nxd5 Rxb5 33.
Rd7 Rb2 34. Rcc7 Rf8 35. Kf1 b5 36. Rb7 Kh7 37. Rxf7 Rxf7 38. Rxf7 b4 39. Rb7
b3 40. e4 Kg6 41. Ne3 Rb1+ 42. Ke2 Rb2+ 43. Kf3 1-0

[Event "OLBA 2122 SC Untergrombach - SK Ettling"]
[Site "?"]
[Date "2022.06.18"]
[Round "6.6"]
[White "Fuchs, Heinz"]
[Black "Mader, Manuela"]
[Result "1-0"]
[WhiteElo "2242"]
[BlackElo "2211"]
[PlyCount "107"]
[EventDate "2022.??.??"]

1. c4 Nf6 2. Nc3 g6 3. e4 d6 4. d4 Bg7 5. Nf3 Bg4 6. Be2 O-O 7. Be3 Nbd7 8. h3
Bxf3 9. Bxf3 c5 10. d5 a6 11. O-O h6 12. Be2 Rb8 13. Qc2 Ne8 14. Rad1 Qa5 15.
Bd2 Kh7 16. a3 Qd8 17. f4 Nc7 18. a4 Bd4+ 19. Kh1 Kg7 20. Qc1 f6 21. Be3 Bxe3
22. Qxe3 Qe8 23. Qg3 Kh7 24. Bd3 Rg8 25. Rde1 e5 26. dxe6 Nxe6 27. Nd5 Qd8 28.
f5 gxf5 29. Qxd6 Ne5 30. Qxe6 Nxd3 31. Nxf6+ Kh8 32. Qxg8+ Qxg8 33. Nxg8 Kxg8
34. exf5 Nxe1 35. Rxe1 b5 36. axb5 axb5 37. cxb5 Rxb5 38. Re2 Kg7 39. g4 Kf6
40. Kg2 Rb3 41. Rc2 Kg5 42. Rf2 Kf6 43. h4 Rb4 44. Kg3 Rb3+ 45. Rf3 Rxb2 46.
Re3 Rb6 47. Kf4 Rb1 48. g5+ hxg5+ 49. hxg5+ Kf7 50. g6+ Kf6 51. Re6+ Kg7 52.
Re7+ Kf8 53. Rc7 Rc1 54. Kg5 1-0

[Event "OLBA 2122 SC Untergrombach - SK Ettling"]
[Site "?"]
[Date "2022.06.18"]
[Round "6.7"]
[White "Loewe, Lennard"]
[Black "Schneider, Bernd"]
[Result "0-1"]
[WhiteElo "2198"]
[BlackElo "2160"]
[PlyCount "60"]
[EventDate "2022.??.??"]

1. e4 c5 2. Nf3 e6 3. d4 cxd4 4. Nxd4 a6 5. Bd3 Qc7 6. c4 Nf6 7. Nc3 Bc5 8. Nb3
Ba7 9. Qe2 Nc6 10. Bd2 Ne5 11. f4 Nxd3+ 12. Qxd3 d6 13. O-O-O O-O 14. Be3 Bxe3+
15. Qxe3 e5 16. c5 dxc5 17. fxe5 Qxe5 18. Qxc5 Qf4+ 19. Nd2 Be6 20. g3 Qh6 21.
Kb1 Bg4 22. e5 Nd7 23. Qd4 Bxd1 24. Rxd1 Nb8 25. Nde4 Nc6 26. Qc5 Rfe8 27. Rd6
Qxh2 28. e6 Rxe6 29. Rxe6 fxe6 30. Qg5 Nb4 0-1

[Event "OLBA 2122 SC Untergrombach - SK Ettling"]
[Site "?"]
[Date "2022.06.18"]
[Round "6.8"]
[White "Raupp, Thomas"]
[Black "Schwingen, Dominik"]
[Result "1-0"]
[WhiteElo "2287"]
[BlackElo "1923"]
[PlyCount "89"]
[EventDate "2022.??.??"]

1. d4 e6 2. c4 d5 3. Nc3 Nf6 4. cxd5 exd5 5. Bg5 Be7 6. e3 O-O 7. Bd3 Be6 8.
Nge2 c5 9. dxc5 Bxc5 10. O-O Nc6 11. Rc1 Bd6 12. h3 Ne5 13. Nd4 Re8 14. Bb5
Ned7 15. Bxf6 Qxf6 16. Nxe6 Qxe6 17. Qxd5 Nf6 18. Qxe6 Rxe6 19. Be2 Be5 20. Bf3
Rb8 21. Rfd1 g5 22. b3 Kg7 23. Nb5 Ra6 24. Rc2 h5 25. g4 hxg4 26. hxg4 Kf8 27.
Rdd2 Ke7 28. Rc5 Ke6 29. Bd5+ Nxd5 30. Rdxd5 f6 31. Rxe5+ fxe5 32. Nc7+ Kd6 33.
Nxa6 bxa6 34. Ra5 Rb6 35. Kg2 Ke6 36. Kf3 Kf6 37. Ke4 Re6 38. f3 Rb6 39. Kd5
Re6 40. Ra4 Rb6 41. Rc4 Rb5+ 42. Ke4 Rb6 43. Rc5 Rb4+ 44. Kd5 Rb6 45. e4 1-0

[Event "OLBA 2122 SV Hockenheim - SC Brombach"]
[Site "?"]
[Date "2022.06.19"]
[Round "7.1"]
[White "Haag, Gregor"]
[Black "Baramidze, David"]
[Result "0-1"]
[WhiteElo "2357"]
[BlackElo "2603"]
[PlyCount "52"]
[EventDate "2022.??.??"]

1. d4 d5 2. c4 e6 3. Nf3 Nf6 4. Nc3 Be7 5. Bf4 O-O 6. e3 Nbd7 7. c5 b6 8. c6
Nb8 9. Qa4 Nh5 10. Bb5 Nxf4 11. exf4 Qd6 12. a3 Qxf4 13. O-O a6 14. Rac1 Qd6
15. Ne2 f6 16. Rfe1 e5 17. Nc3 Be6 18. dxe5 fxe5 19. Nxe5 Bg5 20. Rcd1 Bf4 21.
Nf3 Nd7 22. Bc4 b5 23. Nxd5 bxa4 24. Nxf4 Bxc4 25. Rxd6 cxd6 26. cxd7 Rxf4 0-1

[Event "OLBA 2122 SV Hockenheim - SC Brombach"]
[Site "?"]
[Date "2022.06.19"]
[Round "7.2"]
[White "Buhmann, Rainer"]
[Black "Jaeggi, Dorian"]
[Result "1-0"]
[WhiteElo "2557"]
[BlackElo "2331"]
[PlyCount "45"]
[EventDate "2022.??.??"]

1. d4 Nf6 2. Nf3 e6 3. c4 b6 4. e3 Bb4+ 5. Nbd2 Bb7 6. Bd3 O-O 7. O-O c5 8. a3
Bxd2 9. Bxd2 Ne4 10. dxc5 Nxd2 11. Nxd2 bxc5 12. Ne4 Qe7 13. Nd6 Bc6 14. b4 f5
15. Bc2 a6 16. Qd2 cxb4 17. axb4 Rf6 18. f3 g6 19. e4 e5 20. Rfd1 fxe4 21. fxe4
Kg7 22. Rab1 Qd8 23. Rf1 1-0

[Event "OLBA 2122 SV Hockenheim - SC Brombach"]
[Site "?"]
[Date "2022.06.19"]
[Round "7.3"]
[White "Paul, Mathias"]
[Black "Wagner, Dinara"]
[Result "0-1"]
[WhiteElo "2045"]
[BlackElo "2342"]
[PlyCount "110"]
[EventDate "2022.??.??"]

1. e4 c5 2. Nc3 d6 3. g3 Nc6 4. Bg2 g6 5. d3 Bg7 6. Be3 e6 7. Qd2 Rb8 8. Nge2
Nd4 9. O-O Ne7 10. Bh6 Nxe2+ 11. Nxe2 Bxb2 12. c3 Bxa1 13. Rxa1 Rg8 14. Bg5 Qc7
15. Bf6 h5 16. d4 b6 17. Qg5 Ba6 18. Nf4 Rf8 19. Re1 Ng8 20. Bg7 Qe7 21. h4 Kd7
22. Bxf8 Qxg5 23. hxg5 Rxf8 24. Bh3 Ke7 25. Bxe6 cxd4 26. cxd4 Rb8 27. Bh3 Bc4
28. a3 Kf8 29. e5 dxe5 30. dxe5 Ne7 31. e6 b5 32. exf7 Kxf7 33. Be6+ Kf8 34.
Bxc4 bxc4 35. Rc1 Rc8 36. Rc3 Kf7 37. Kg2 Nf5 38. Kf3 Nd4+ 39. Ke4 Nb5 40. Rf3
c3 41. a4 Rc4+ 42. Kd3 Rxa4 43. Nxh5+ Ke6 44. Rf6+ Ke5 45. Nf4 Rd4+ 46. Kc2
Rd2+ 47. Kb3 Kd4 48. Ne6+ Ke4 49. Nc5+ Kd5 50. Na4 c2 51. Kb2 Nd4 52. Nc3+ Kc4
53. Na2 Rd1 54. Nc1 Rxc1 55. Kxc1 Kc3 0-1

[Event "OLBA 2122 SV Hockenheim - SC Brombach"]
[Site "?"]
[Date "2022.06.19"]
[Round "7.4"]
[White "Nekrasov, Mihail"]
[Black "Schwierskott, Marc"]
[Result "1/2-1/2"]
[WhiteElo "2273"]
[BlackElo "2147"]
[PlyCount "91"]
[EventDate "2022.??.??"]

1. e4 c5 2. Nf3 Nc6 3. Bb5 g6 4. Bxc6 dxc6 5. d3 Bg7 6. h3 e5 7. Be3 Qe7 8. Qd2
Nf6 9. Nc3 O-O 10. Bh6 Ne8 11. O-O Nc7 12. Bxg7 Kxg7 13. Ne2 f6 14. Nh2 Ne6 15.
f4 Nxf4 16. Nxf4 exf4 17. Qxf4 Bd7 18. Qc7 b6 19. Rf2 Rfc8 20. Qf4 Rf8 21. Raf1
Be6 22. Ng4 Bxg4 23. Qxg4 Rae8 24. b3 Qe6 25. Qg3 Qe5 26. Qg4 Qe6 27. Qh4 Qe5
28. Kh1 h5 29. Qf4 Qxf4 30. Rxf4 g5 31. Rf5 h4 32. g3 hxg3 33. Kg2 Re6 34. Kxg3
Rh8 35. e5 Rxe5 36. Rxe5 fxe5 37. Rf5 Kg6 38. Rxe5 Kf6 39. Re4 Rd8 40. h4 gxh4+
41. Rxh4 Ke5 42. Kf3 Rd7 43. Ke3 Kd6 44. d4 Re7+ 45. Kd3 cxd4 46. Rxd4+ 1/2-1/2

[Event "OLBA 2122 SV Hockenheim - SC Brombach"]
[Site "?"]
[Date "2022.06.19"]
[Round "7.5"]
[White "Hecht, Jonas Christian"]
[Black "Moeldner, Juergen"]
[Result "1/2-1/2"]
[WhiteElo "1938"]
[BlackElo "2238"]
[PlyCount "65"]
[EventDate "2022.??.??"]

1. e4 c5 2. Nf3 e6 3. d4 cxd4 4. Nxd4 Nf6 5. Nc3 Nc6 6. Ndb5 d6 7. Bf4 e5 8.
Bg5 a6 9. Na3 b5 10. Nd5 Be7 11. Bxf6 Bxf6 12. c3 O-O 13. h4 Be6 14. Nc2 Bxd5
15. exd5 Nb8 16. a4 bxa4 17. Rxa4 a5 18. Bb5 Qb6 19. Na3 Ra7 20. Qf3 Na6 21.
Rg4 Bd8 22. Qf5 e4 23. Rxe4 g6 24. Qf3 Nc7 25. c4 Qc5 26. Qe2 f5 27. Re3 Qb4+
28. Kf1 Bf6 29. g3 Qxb2 30. Qxb2 Bxb2 31. Kg2 Bxa3 32. Rxa3 Nxb5 33. cxb5
1/2-1/2

[Event "OLBA 2122 SV Hockenheim - SC Brombach"]
[Site "?"]
[Date "2022.06.19"]
[Round "7.6"]
[White "Guenthner, Oliver"]
[Black "Barth, Can-Elian"]
[Result "1/2-1/2"]
[WhiteElo "2145"]
[BlackElo "2029"]
[PlyCount "83"]
[EventDate "2022.??.??"]

1. Nf3 d5 2. g3 c6 3. Bg2 Nf6 4. O-O Bf5 5. d3 Nbd7 6. Nh4 Bg6 7. Nd2 e5 8. h3
Bd6 9. Nxg6 hxg6 10. e4 Qc7 11. Qe2 O-O 12. Nf3 Rfe8 13. Kh2 Nc5 14. Ng5 Rad8
15. Re1 Qd7 16. Bf3 Ne6 17. Nxe6 Qxe6 18. Bg5 d4 19. Kg2 Be7 20. Rh1 c5 21. a4
Qb6 22. b3 Nd7 23. Bd2 g5 24. Bg4 Nf8 25. Bf5 g6 26. Bg4 Kg7 27. Rag1 Nh7 28.
h4 gxh4 29. gxh4 Nf6 30. h5 Rh8 31. hxg6 Nxg4 32. Qxg4 Qxg6 33. Qxg6+ fxg6 34.
f4 Bd6 35. fxe5 Bxe5 36. Bg5 Rdf8 37. Rxh8 Rxh8 38. Rh1 Rh5 39. Be7 b6 40. Rxh5
gxh5 41. Kf3 Kg6 42. Bh4 1/2-1/2

[Event "OLBA 2122 SV Hockenheim - SC Brombach"]
[Site "?"]
[Date "2022.06.19"]
[Round "7.8"]
[White "May, Juergen"]
[Black "Wehrle, Maximilian"]
[Result "1/2-1/2"]
[WhiteElo "1986"]
[BlackElo "1786"]
[PlyCount "55"]
[EventDate "2022.??.??"]

1. e4 c5 2. Nf3 e6 3. d4 cxd4 4. Nxd4 Nf6 5. Nc3 d6 6. Bd3 a6 7. a4 b6 8. O-O
Bb7 9. Kh1 Qc7 10. Qe2 Be7 11. Bd2 Nbd7 12. Rfe1 Nc5 13. Rac1 O-O 14. b4 Ncd7
15. Nd1 Rfc8 16. f3 Ne5 17. c4 Qd7 18. Nb2 Nc6 19. Nxc6 Bxc6 20. Bc2 b5 21.
cxb5 axb5 22. a5 d5 23. e5 Ne8 24. Nd3 Nc7 25. Qf2 Na6 26. Qg3 Bb7 27. Nf4 g6
28. Nd3 1/2-1/2

[Event "OLBA 2122 SC Viernheim II - SC Emmendin"]
[Site "?"]
[Date "2022.06.19"]
[Round "7.1"]
[White "Sasikiran, Krishnan"]
[Black "Abergel, Thal"]
[Result "1-0"]
[WhiteElo "2635"]
[BlackElo "2387"]
[PlyCount "73"]
[EventDate "2022.??.??"]

1. d4 d5 2. c4 c6 3. Nf3 e6 4. b3 Nd7 5. g3 Ngf6 6. Bg2 Bb4+ 7. Bd2 Bd6 8. Nc3
O-O 9. O-O b6 10. e4 Nxe4 11. Nxe4 dxe4 12. Ng5 Be7 13. Nxe4 Bb7 14. Qc2 Qc8
15. c5 Nf6 16. Bg5 Qd8 17. Rfd1 b5 18. a4 b4 19. Nxf6+ Bxf6 20. Bxf6 Qxf6 21.
a5 Ba6 22. Bxc6 Rac8 23. Qe4 Rb8 24. Rac1 Qd8 25. d5 exd5 26. Qxd5 Qf6 27. Bd7
Be2 28. c6 Bxd1 29. Qxd1 Qe7 30. c7 Rbc8 31. Bxc8 Rxc8 32. Qd5 h5 33. Qb7 Qd7
34. Qxa7 h4 35. Qb7 h3 36. a6 Kh7 37. a7 1-0

[Event "OLBA 2122 SC Viernheim II - SC Emmendin"]
[Site "?"]
[Date "2022.06.19"]
[Round "7.2"]
[White "Zaragatski, Ilja"]
[Black "Korpa, Bence"]
[Result "1/2-1/2"]
[WhiteElo "2508"]
[BlackElo "2542"]
[PlyCount "48"]
[EventDate "2022.??.??"]

1. d4 Nf6 2. Nf3 g6 3. c4 Bg7 4. e3 O-O 5. Be2 d6 6. Nc3 Nbd7 7. O-O e5 8. Qc2
Re8 9. b4 Nf8 10. dxe5 dxe5 11. Rd1 Qe7 12. b5 e4 13. Nd4 Qe5 14. Bb2 Ng4 15.
Bxg4 Bxg4 16. Rd2 c6 17. bxc6 bxc6 18. Nxc6 Qc7 19. Nb4 Qxc4 20. Ncd5 Qxc2 21.
Rxc2 Rac8 22. Rxc8 Bxc8 23. Nf6+ Bxf6 24. Bxf6 Bb7 1/2-1/2

[Event "OLBA 2122 SC Viernheim II - SC Emmendin"]
[Site "?"]
[Date "2022.06.19"]
[Round "7.3"]
[White "Cvitan, Ognjen"]
[Black "Lanka, Zigurds"]
[Result "1/2-1/2"]
[WhiteElo "2451"]
[BlackElo "2397"]
[PlyCount "40"]
[EventDate "2022.??.??"]

1. d4 Nf6 2. Nf3 g6 3. c4 Bg7 4. g3 d6 5. Bg2 O-O 6. O-O Nc6 7. Nc3 a6 8. d5
Na5 9. b3 c5 10. dxc6 Nxc6 11. Bb2 Qa5 12. Nd5 Nxd5 13. Bxg7 Nc3 14. Bxc3 Qxc3
15. Rc1 Qa5 16. Qd2 Qxd2 17. Nxd2 Rb8 18. Ne4 Bg4 19. Rfe1 Rfc8 20. h3 Bd7
1/2-1/2

[Event "OLBA 2122 SC Viernheim II - SC Emmendin"]
[Site "?"]
[Date "2022.06.19"]
[Round "7.4"]
[White "Meinhardt, Maximilian"]
[Black "Miezis, Normunds"]
[Result "0-1"]
[WhiteElo "2374"]
[BlackElo "2448"]
[PlyCount "51"]
[EventDate "2022.??.??"]

1. e4 c5 2. Nf3 e6 3. g3 d5 4. exd5 exd5 5. d4 Nf6 6. Bg2 Be7 7. O-O O-O 8.
dxc5 Bxc5 9. Nbd2 Nc6 10. Nb3 Bb6 11. c3 Bf5 12. Nfd4 Be4 13. f3 Bg6 14. Re1
Re8 15. Bf4 a5 16. a4 Qd7 17. Kh1 Rxe1+ 18. Qxe1 Re8 19. Qf1 Nh5 20. Bh3 Qd8
21. Nxc6 bxc6 22. Bd2 h6 23. Qa6 Kh7 24. Re1 Rxe1+ 25. Bxe1 c5 26. Bf1 0-1

[Event "OLBA 2122 SC Viernheim II - SC Emmendin"]
[Site "?"]
[Date "2022.06.19"]
[Round "7.5"]
[White "Weidemann, Joerg"]
[Black "Engemann, Till"]
[Result "1/2-1/2"]
[WhiteElo "2289"]
[BlackElo "2084"]
[PlyCount "67"]
[EventDate "2022.??.??"]

1. e4 e6 2. d4 d5 3. e5 c5 4. c3 Nc6 5. Nf3 Bd7 6. a3 f6 7. b4 fxe5 8. Nxe5
Nxe5 9. dxe5 c4 10. Be3 Qc7 11. f4 Nh6 12. Be2 Be7 13. Nd2 O-O 14. Nf3 Be8 15.
Nd4 Qc8 16. Bf3 Bd7 17. O-O g5 18. Qd2 g4 19. Be2 a5 20. b5 Bc5 21. a4 Bxd4 22.
Bxd4 Be8 23. f5 Nxf5 24. Bxg4 Bg6 25. Rae1 Qc7 26. Rf3 Nxd4 27. Qxd4 Rxf3 28.
Bxf3 Rf8 29. Bg4 Qe7 30. Qb6 Bf5 31. Bxf5 Rxf5 32. Re3 h5 33. Rg3+ Kh7 34. Qd6
1/2-1/2

[Event "OLBA 2122 SC Viernheim II - SC Emmendin"]
[Site "?"]
[Date "2022.06.19"]
[Round "7.6"]
[White "Mueller, Michael"]
[Black "Bauer, Andreas"]
[Result "1/2-1/2"]
[WhiteElo "2165"]
[BlackElo "2281"]
[PlyCount "86"]
[EventDate "2022.??.??"]

1. d4 f5 2. Nf3 Nf6 3. Bf4 e6 4. e3 b6 5. Nbd2 Bb7 6. Bd3 Be7 7. h3 c5 8. c3
Nc6 9. O-O O-O 10. Qe2 d5 11. Bh2 c4 12. Bc2 b5 13. Ne5 Nxe5 14. dxe5 Ne4 15.
Nf3 Nc5 16. Nd4 Qb6 17. g4 g6 18. gxf5 exf5 19. Bg3 a5 20. Kh2 Ne6 21. f4 b4
22. Rg1 Nxd4 23. exd4 a4 24. a3 bxc3 25. bxc3 Bc6 26. Rgb1 Qa5 27. Be1 Rab8 28.
Qd1 Rb6 29. Rxb6 Qxb6 30. Ra2 Qa7 31. Qc1 Kf7 32. Bd2 Rb8 33. Qd1 Ke6 34. Bc1
Kd7 35. Qe1 Kc8 36. Qg3 Rb6 37. h4 Be8 38. h5 Qd7 39. Qh3 Kb7 40. Rb2 Rxb2 41.
Bxb2 Qe6 42. hxg6 hxg6 43. Qh7 Kb6 1/2-1/2

[Event "OLBA 2122 SC Viernheim II - SC Emmendin"]
[Site "?"]
[Date "2022.06.19"]
[Round "7.7"]
[White "Stocko, Josip"]
[Black "Spiegel, Stefan"]
[Result "1/2-1/2"]
[WhiteElo "2260"]
[BlackElo "2130"]
[PlyCount "102"]
[EventDate "2022.??.??"]

1. e4 Nf6 2. e5 Nd5 3. d4 Nb6 4. Nf3 d5 5. h3 Bf5 6. Be2 e6 7. O-O c5 8. c3 Nc6
9. Nbd2 Be7 10. a3 cxd4 11. cxd4 O-O 12. b4 Rc8 13. Bb2 a6 14. Ne1 f6 15. exf6
Bxf6 16. Ndf3 Nc4 17. Bc3 Nd6 18. Rc1 Qb6 19. g4 Be4 20. g5 Bxf3 21. Nxf3 Be7
22. Qd3 Ne4 23. Bd2 Nxd2 24. Qxd2 Bd6 25. Qd3 Rf4 26. Rfd1 Rcf8 27. Rb1 Ne7 28.
Rb3 Ng6 29. Rf1 Re4 30. Qd1 Nf4 31. Re3 Nxh3+ 32. Kg2 Nf4+ 33. Kh1 Qd8 34. Qc2
Qc8 35. Qxc8 Rxc8 36. Bd1 Rc1 37. Rxe4 dxe4 38. Nd2 Be7 39. Nxe4 Ra1 40. a4
Bxb4 41. Kh2 Nd5 42. Kg2 Be7 43. Re1 Nf4+ 44. Kh2 Nd3 45. Rg1 g6 46. Bb3 Rxg1
47. Bxe6+ Kg7 48. Kxg1 Ne1 49. a5 Nf3+ 50. Kg2 Nxd4 51. Bc8 Bd8 1/2-1/2

[Event "OLBA 2122 SC Viernheim II - SC Emmendin"]
[Site "?"]
[Date "2022.06.19"]
[Round "7.8"]
[White "Martin, Stefan"]
[Black "Herbrechtsmeier, Christof"]
[Result "0-1"]
[WhiteElo "2139"]
[BlackElo "2143"]
[PlyCount "68"]
[EventDate "2022.??.??"]

1. d4 g6 2. c4 Nf6 3. Nc3 d5 4. cxd5 Nxd5 5. e4 Nxc3 6. bxc3 Bg7 7. Nf3 Qd7 8.
Bd3 b6 9. O-O Ba6 10. Bxa6 Nxa6 11. Qe2 Qa4 12. Bg5 c5 13. Rad1 Rc8 14. Rd2
cxd4 15. cxd4 Qc4 16. Qe3 Nb4 17. Qa3 a5 18. d5 h6 19. Bh4 g5 20. Bg3 O-O 21.
h4 g4 22. Ne5 Qxe4 23. Nd7 Rc3 24. Qa4 Rd8 25. a3 Rxg3 26. fxg3 Qe3+ 27. Rdf2
Nd3 28. Qxg4 Kh8 29. Qf3 Bd4 30. Qxf7 Nxf2 31. Nf8 Ne4+ 32. Kh1 Nxg3+ 33. Kh2
Nxf1+ 34. Qxf1 Qg1+ 0-1

[Event "OLBA 2122 BG Buchen - SGR Kuppenheim"]
[Site "?"]
[Date "2022.06.19"]
[Round "7.1"]
[White "Roos, Jean-Luc"]
[Black "Stojanovic, Mihajlo"]
[Result "0-1"]
[WhiteElo "2192"]
[BlackElo "2506"]
[PlyCount "62"]
[EventDate "2022.??.??"]

1. e4 c5 2. Nf3 e6 3. d4 cxd4 4. Nxd4 Nc6 5. Nc3 Qc7 6. Be3 a6 7. Be2 Nf6 8.
O-O Bb4 9. Na4 O-O 10. c4 Bd6 11. Nxc6 dxc6 12. Qc2 Bxh2+ 13. Kh1 Bd6 14. f4 e5
15. c5 Be7 16. f5 Bd7 17. g4 h6 18. g5 hxg5 19. Bxg5 Rfd8 20. Rg1 Kf8 21. Bc4
Ne8 22. Qh2 Bxg5 23. Qh8+ Ke7 24. Qh5 g6 25. Qh7 Ng7 26. Qxg7 Rh8+ 27. Kg2 Raf8
28. Bxf7 Bf6 29. Qxg6 Rxf7 30. Kf3 Be8 31. Nb6 Rfh7 0-1

[Event "OLBA 2122 BG Buchen - SGR Kuppenheim"]
[Site "?"]
[Date "2022.06.19"]
[Round "7.2"]
[White "Dobosz, Henryk"]
[Black "Schuh, Hubert"]
[Result "1/2-1/2"]
[WhiteElo "2368"]
[BlackElo "2284"]
[PlyCount "20"]
[EventDate "2022.??.??"]

1. e4 c5 2. Nf3 d6 3. Bb5+ Nd7 4. Ba4 Ngf6 5. O-O a6 6. c4 g6 7. Nc3 Bg7 8. d4
cxd4 9. Nxd4 O-O 10. h3 Qb6 1/2-1/2